Normal view
MARC view
- Rolvin Prasanna Pera
Entry Personal Name
001 - CONTROL NUMBER
- control field: 4993
003 - CONTROL NUMBER IDENTIFIER
- control field: OSt
005 - DATE AND TIME OF LATEST TRANSACTION
- control field: 20210907104122.0
008 - FIXED-LENGTH DATA ELEMENTS
- fixed length control field: 210907|| aca||aabn | a|a d
040 ## - CATALOGING SOURCE
- Original cataloging agency: OSt
- Transcribing agency: OSt
100 ## - HEADING--PERSONAL NAME
- Personal name: Rolvin Prasanna Pera
670 ## - SOURCE DATA FOUND
- Source citation: Work cat.: (OSt)17393: Ganga A 4936, Optimization of Microw Ave assisted pectin Extration from passion fruit peel, 2020
